| 000 | 00695nam a2200205Ia 4500 | ||
|---|---|---|---|
| 003 | GCL | ||
| 008 | 140319s9999 xx 000 0 ara d | ||
| 040 |
_aGCL / _cGCL |
||
| 082 | 0 | 4 |
_a891.7 _bش د |
| 100 | 1 | _aعمر الديراوى | |
| 245 | 1 | 0 |
_aالدون الهادى: الرواية الفائزة بجائزة نوبل / _cعمر الديراوى |
| 700 | 1 | _aشولوخوف، ميخائيل | |
| 260 |
_aبيروت : _bدار العلم للملايين ، _c1979 |
||
| 300 | _a462 ص | ||
| 490 |
_aكتاب _v0 |
||
| 650 | 0 | 4 | _aالادب الروسى |
| 650 | 0 | 4 | _aالقصص الروسية المترجمة |
| 650 | 0 | 4 | _aالادب الروسى المترجم |
| 942 |
_2ddc _cBK |
||
| 999 |
_c41741 _d41741 |
||